| 000 | 01646nam a22002897 4500 | ||
|---|---|---|---|
| 999 |
_c906 _d906 |
||
| 003 | AR-BaISA | ||
| 005 | 20220523152945.0 | ||
| 007 | ta | ||
| 008 | 220509s2015 ag ad||| |||| 000 0 spa d | ||
| 020 | _a9789879413616 | ||
| 040 |
_bspa _cAR-BaISA |
||
| 082 | 0 | 4 |
_222 _a362.106 D5434 |
| 100 | 1 |
_9126 _aDíaz, Carlos Alberto |
|
| 245 | 1 | 0 |
_aPrograma de atención centrada en el usuario: _bimplementado en el Sanatorio Sagrado Corazón / _cCarlos Alberto Díaz; usina de ideas Gabriel Leberzstein; coautores Virginia Braem, Amalia Giuliani Diez, María del Carmen Quirós, Emilio Fabián Restelli, y Estela Farías |
| 260 |
_aBuenos Aires: _bEdiciones ISALUD, _c2015 |
||
| 300 |
_a162 p.: _bil., gráfs., tablas |
||
| 505 |
_tRetos y perspectivas de la atención centrada en el usuario -- _tLas nuevas formas de medicalizar la vida -- _tAspectos del programa que se proponen y que se deben consolidar, desarrollar y mejorar -- _tOficina de atención al usuario -- _tGestión de pacientes: estancia hospitalaria y planificación de recursos médicos -- _tPrograma de atención centrada en el usuario: área médica y enfermería -- _tEstrategias para mejorar la atención de la urgencia y de pacientes complejos -- _tMejora en producción quirurgica |
||
| 650 | 1 | 0 |
_91095 _aAtención al paciente |
| 650 | 1 | 0 |
_919 _aPlanes y programas de salud |
| 700 | 1 |
_92154 _aLeberzstein, Gabriel _ecol. |
|
| 700 | 1 |
_9130 _aBraem, Virginia _eaut. |
|
| 700 | 1 |
_92155 _aGiuliani Diez, Amalia _eaut. |
|
| 700 | 1 |
_9129 _aQuirós, María del Carmen _eaut. |
|
| 700 | 1 |
_92156 _aRestelli, Emilio Fabián _eaut. |
|
| 700 | 1 |
_92157 _aFarías, Estela _eaut. |
|
| 942 |
_2ddc _cLI _e22 |
||